Indian agriculture in drought-prone areas : a case study of Maharashtra (Record no. 2947)

MARC details
000 -LEADER
fixed length control field 00483nam a2200157Ia 4500
020 ## - INTERNATIONAL STANDARD BOOK NUMBER
ISBN 81-7054-386-X
082 ## - DEWEY DECIMAL CLASSIFICATION NUMBER
Classification number 338.1954792 DAN-I
100 ## - MAIN ENTRY--AUTHOR NAME
Personal name Dandge, Ramesh G;
245 #0 - TITLE STATEMENT
Title Indian agriculture in drought-prone areas : a case study of Maharashtra
260 ## - PUBLICATION, DISTRIBUTION, ETC. (IMPRINT)
Place of publication New Delhi
Name of publisher Classical Publishing Company
Year of publication 2004
300 ## - PHYSICAL DESCRIPTION
Number of Pages 120p.
504 ## - BIBLIOGRAPHY, ETC. NOTE
Bibliography, etc Includes appendices and bibliography
650 ## - SUBJECT ADDED ENTRY--TOPICAL TERM
Topical Term Agriculture - Maharashtra
650 ## - SUBJECT ADDED ENTRY--TOPICAL TERM
Topical Term Cropping systems- Maharashtra
942 ## - ADDED ENTRY ELEMENTS (KOHA)
Koha item type Books
Holdings
Withdrawn status Lost status Damaged status Not for loan Home library Current library Date acquired Bill Date Full call number Accession Number Price effective from Koha item type
        NASSDOC Library NASSDOC Library 09/09/2004 2004-10-05 338.1954792 DAN-I 38847 18/04/2019 Books